[Event "Let's Play Chess!"]
[Site "http://www.queenalice.com/game.php?id=535005"]
[Date "2009.2.4"]
[Round "-"]
[White "Erdnase"]
[Black "CampbellMarcel"]
[Result "1-0"]
[WhiteElo "1802"]
[BlackElo "1192"]

1. d4 f5 2. c4 e6 3. Nc3 Nf6 4. Nf3 h6 5. Bf4 g5 6. Bd2 Bg7 7. e3 b6 8. Bd3 Bb7
9. O-O d6 10. d5 Bc8 11. dxe6 Bxe6 12. Nd4 Qd7 13. Qf3 1-0

[Event "Let's Play Chess!"]
[Site "http://www.queenalice.com/game.php?id=549241"]
[Date "2009.3.2"]
[Round "-"]
[White "spawnwolfwolverine"]
[Black "Erdnase"]
[Result "0-1"]
[WhiteElo "1646"]
[BlackElo "1788"]

1. c4 c5 2. d3 Nc6 3. e4 e5 4. g3 Nf6 5. Bg2 Be7 6. Nf3 O-O 7. O-O d6 8. Bg5 Bg4
9. Nc3 Nd4 10. a3 Qd7 11. Bxf6 Bxf6 12. b4 a5 13. bxc5 dxc5 14. Nd5 Ra6 15.
Nxf6+ Rxf6 16. h3 Nxf3+ 17. Bxf3 Bxf3 18. Qxf3 Rxf3 19. Kh2 Qxd3 20. Rac1 Qxe4
21. a4 Ra3 22. Rfe1 Qf5 23. Rb1 Qxf2+ 24. Kh1 Rxg3 25. Rxe5 Qg2# 0-1

[Event "AUTO-ADV-1092"]
[Site "http://www.queenalice.com/game.php?id=556729"]
[Date "2009.3.16"]
[Round "2"]
[White "Erdnase"]
[Black "goldenboy"]
[Result "0-1"]
[WhiteElo "1811"]
[BlackElo "2130"]

1. d4 d5 2. c4 c6 3. Nf3 Nf6 4. Nc3 e6 5. Qb3 Nbd7 6. e3 Qa5 7. Bd3 Bb4 8. O-O
Bxc3 9. bxc3 O-O 10. cxd5 exd5 11. Re1 Re8 12. Bd2 Qb6 13. Qc2 Qc7 14. Rab1 h6
15. Bf5 Ne4 16. Nh4 Ndf6 17. f3 Nxd2 18. Qxd2 g5 19. Bxc8 Qxc8 20. Nf5 Qxf5 21.
Rxb7 Reb8 22. Re7 Rb1 23. g4 Rxe1+ 24. Qxe1 Qxf3 25. Qf2 Qxf2+ 26. Kxf2 Nxg4+
27. Kg3 Kf8 28. Rc7 Nxe3 29. Rxc6 Re8 30. Rxh6 Nf5+ 0-1

[Event "AUTO-ADV-1092"]
[Site "http://www.queenalice.com/game.php?id=556731"]
[Date "2009.3.16"]
[Round "2"]
[White "Erdnase"]
[Black "Munhoz"]
[Result "1-0"]
[WhiteElo "1851"]
[BlackElo "1957"]

1. d4 g6 2. c4 Bg7 3. Nc3 c5 4. Nf3 cxd4 5. Nxd4 Nc6 6. e3 Nf6 7. Be2 O-O 8. O-O
d6 9. b3 Nxd4 10. exd4 e5 11. dxe5 dxe5 12. Bg5 Qd4 13. Nb5 Qxd1 14. Rfxd1 Bg4
15. f3 Be6 16. Be3 a5 17. Nc7 Rac8 18. Bb6 e4 19. Rac1 Bh6 20. Rc3 Bf4 21. Nxe6
fxe6 22. Bxa5 Be5 23. Re3 Bf4 24. Rc3 Be5 25. Rc2 e3 26. c5 Bc7 27. Bxc7 Rxc7
28. a4 Nd5 29. Bc4 Rf5 30. Re2 Re7 31. Rde1 Rc7 32. Bxd5 exd5 33. Rxe3 Rxc5 34.
Re8+ Rf8 35. b4 Rc4 36. R8e5 d4 37. Rb5 Rf7 38. Re8+ Kg7 39. Rb8 Rcc7 40. Rd8
Rfd7 41. Rd5 Rc1+ 42. Kf2 b5 43. R8xd7+ Kh6 44. axb5 Rc2+ 45. Kg3 d3 46. Rxd3
Rc4 47. R3d4 1-0

[Event "AUTO-ADV-1092"]
[Site "http://www.queenalice.com/game.php?id=556733"]
[Date "2009.3.16"]
[Round "2"]
[White "Erdnase"]
[Black "luizpessoa"]
[Result "1-0"]
[WhiteElo "1815"]
[BlackElo "1731"]

1. d4 d5 2. c4 e6 3. Nc3 dxc4 4. e4 a6 5. Bxc4 b5 6. Bb3 Nf6 7. Bg5 h6 8. Bxf6
Qxf6 9. Nf3 Bb4 10. O-O Bxc3 11. bxc3 Bd7 12. e5 Qe7 13. Re1 Bc6 14. d5 exd5 15.
Bxd5 O-O 16. e6 Bxd5 17. Qxd5 Ra7 18. exf7+ Qxf7 19. Qc5 c6 20. Ne5 Qc7 21. Ng6
Rf7 22. Re6 Nd7 23. Re8+ Kh7 24. Qh5 Nf6 25. Rh8# 1-0

[Event "AUTO-ADV-1092"]
[Site "http://www.queenalice.com/game.php?id=556734"]
[Date "2009.3.16"]
[Round "2"]
[White "luizpessoa"]
[Black "Erdnase"]
[Result "0-1"]
[WhiteElo "1811"]
[BlackElo "1798"]

1. e4 c5 2. Nf3 e6 3. Bc4 Nc6 4. a3 Nf6 5. d3 Be7 6. h3 d5 7. exd5 exd5 8. Bb5
Bd7 9. Bg5 Qa5+ 10. Nc3 d4 11. Bxc6 Bxc6 12. Bxf6 Bxf6 13. O-O dxc3 14. bxc3
Bxc3 15. Qe2+ Kf8 16. Rab1 Re8 17. Qd1 Qxa3 18. Rb3 Qa5 19. d4 Rd8 20. Qa1 Bxa1
21. dxc5 Bc3 22. Rfb1 Qxc5 23. Nh4 Bd4 24. Kh1 Bxf2 25. Nf3 Qxc2 26. R1b2 Qc1+
27. Kh2 Qf4+ 28. Kh1 Rd1+ 29. Ng1 Rxg1# 0-1

[Event "AUTO-OPEN-1572"]
[Site "http://www.queenalice.com/game.php?id=595522"]
[Date "2009.5.29"]
[Round "1"]
[White "ldittmerm"]
[Black "Erdnase"]
[Result "0-1"]
[WhiteElo "1066"]
[BlackElo "1810"]

1. e4 c5 2. d3 Nc6 3. Be2 e6 4. Nh3 Nf6 5. O-O Bd6 6. d4 cxd4 7. c3 dxc3 8. bxc3
Qc7 9. Bb5 Bxh2+ 10. Kh1 Nxe4 11. f3 Nf6 12. g4 Qg3 13. Rf2 Qxh3 14. g5 Bg3+ 15.
Rh2 Bxh2 16. gxf6 Bg3+ 17. Kg1 Qh2+ 18. Kf1 Qf2# 0-1

[Event "AUTO-OPEN-1572"]
[Site "http://www.queenalice.com/game.php?id=595523"]
[Date "2009.5.29"]
[Round "1"]
[White "Erdnase"]
[Black "ldittmerm"]
[Result "1-0"]
[WhiteElo "1808"]
[BlackElo "1066"]

1. d4 c6 2. e4 e5 3. dxe5 Bb4+ 4. c3 Bxc3+ 5. Nxc3 Nh6 6. Nf3 O-O 7. Bc4 d6 8.
exd6 Qe8 9. O-O Qd8 10. e5 g5 11. Bxg5 Qe8 12. Bxh6 Na6 13. Bxf8 Qxf8 14. d7 Qe7
15. d8=Q+ Qxd8 16. Qxd8+ Kg7 17. Qf6+ Kf8 18. Qxf7# 1-0

[Event "AUTO-OPEN-1572"]
[Site "http://www.queenalice.com/game.php?id=595546"]
[Date "2009.5.29"]
[Round "1"]
[White "Chazam"]
[Black "Erdnase"]
[Result "0-1"]
[WhiteElo "1662"]
[BlackElo "1819"]

1. e4 c5 2. c4 Nc6 3. Nc3 Nf6 4. d3 d6 5. Nf3 e5 6. Nd5 Be7 7. Nxe7 Nxe7 8. Bg5
Be6 9. Bxf6 gxf6 10. Be2 Rg8 11. O-O Qd7 12. Qd2 Bh3 13. Nh4 O-O-O 14. Rfe1 f5
15. exf5 Nxf5 16. g3 Nxh4 17. Bf3 Nxf3+ 18. Kh1 Nxd2 19. Red1 Nf3 0-1

[Event "AUTO-OPEN-1572"]
[Site "http://www.queenalice.com/game.php?id=595547"]
[Date "2009.5.29"]
[Round "1"]
[White "Erdnase"]
[Black "Chazam"]
[Result "1-0"]
[WhiteElo "1844"]
[BlackElo "1630"]

1. e4 e5 2. Nf3 Nc6 3. Bc4 h6 4. d4 Bb4+ 5. c3 Ba5 6. dxe5 Qe7 7. Bf4 g5 8. Bg3
h5 9. h4 g4 10. Ng5 Nd8 11. Qa4 b6 12. Na3 c6 13. Rd1 b5 14. Qxa5 Nh6 15. Be2
Nb7 16. Qc7 Nc5 17. O-O Bb7 18. b4 Rc8 19. Qa5 Na6 20. Nxb5 cxb5 21. Qxb5 Rc7
22. e6 fxe6 23. Bxc7 Nxc7 24. Qxb7 d6 25. Qc6+ Kf8 26. Rxd6 Ne8 27. Rxe6 Qg7 28.
Qxe8# 1-0

[Event "AUTO-OPEN-1572"]
[Site "http://www.queenalice.com/game.php?id=595562"]
[Date "2009.5.29"]
[Round "1"]
[White "Erdnase"]
[Black "josecastroman"]
[Result "1-0"]
[WhiteElo "1829"]
[BlackElo "1792"]

1. d4 d5 2. c4 Nf6 3. cxd5 Qxd5 4. Nc3 Qd8 5. e4 a6 6. Nf3 Bg4 7. Be2 e6 8. e5
Nd5 9. O-O Nc6 10. Bg5 f6 11. exf6 gxf6 12. Nxd5 exd5 13. Ne5 fxg5 14. Nxc6 bxc6
15. Bxg4 Qf6 16. Re1+ Be7 17. Re6 Qf4 18. Qe2 Qf7 19. Re1 1-0

[Event "AUTO-OPEN-1572"]
[Site "http://www.queenalice.com/game.php?id=595563"]
[Date "2009.5.29"]
[Round "1"]
[White "josecastroman"]
[Black "Erdnase"]
[Result "1-0"]
[WhiteElo "1890"]
[BlackElo "1857"]

1. e4 c5 2. Nf3 d6 3. a3 Nf6 4. Bc4 Nxe4 5. d3 Nf6 6. Nc3 e5 7. h3 Nc6 8. Bg5 h6
9. Bh4 Be7 10. g4 Be6 11. Qe2 O-O 12. O-O-O d5 13. Bb3 d4 14. Nb1 Bxb3 15. cxb3
Qd5 16. Nbd2 Rfe8 17. g5 hxg5 18. Bxg5 Nh5 19. Bxe7 Rxe7 20. Rhg1 Nf4 21. Qe4
Qxe4 22. Nxe4 Ne2+ 23. Kd2 Nxg1 24. Rxg1 b6 25. h4 f5 26. Neg5 e4 27. dxe4 fxe4
28. Ne1 e3+ 29. fxe3 dxe3+ 30. Kc2 Nd4+ 31. Kb1 Nxb3 32. h5 Rd7 33. Ne6 Re8 34.
Nf4 1-0

[Event "Challenge"]
[Site "http://www.queenalice.com/game.php?id=604638"]
[Date "2009.6.16"]
[Round "-"]
[White "knight401"]
[Black "Erdnase"]
[Result "0-1"]
[WhiteElo "1581"]
[BlackElo "1812"]

1. e4 c5 2. Nf3 e6 3. d4 cxd4 4. Nxd4 Nc6 5. a3 Nf6 6. Nc3 Bc5 7. Be3 Qb6 8. Na4
Qa5+ 9. c3 Nxe4 10. Qg4 g6 11. Qxe4 Bxd4 12. Bxd4 f5 13. Qc2 Nxd4 14. Qd1 Qe5+
0-1